Ładuje się......
Akanna Kannikal
| 1. autor: | |
|---|---|
| Format: | Printed Book |
| Język: | Malayalam |
| Wydane: |
Sahithya Pravarthaka Co.
Sahithya Pravarthaka Co.
1976
|
| LEADER | 00465nam a2200121Ia 4500 | ||
|---|---|---|---|
| 008 | 111205s9999 xx 000 0 mal d | ||
| 100 | |a Joseph ,Abraham | ||
| 245 | |a Akanna Kannikal |c Joseph ,Abraham | ||
| 260 | |b Sahithya Pravarthaka Co. |a Sahithya Pravarthaka Co. |c 1976 | ||
| 300 | |a 201 | ||
| 942 | |c BK | ||
| 999 | |c 220654 |d 220654 | ||
| 952 | |0 0 |1 0 |2 ddc |4 0 |6 852_000000000000000_3A7_AKA |7 0 |9 243682 |a MAL |b MAL |c ST1 |d 2011-12-05 |g 6.00 |l 0 |o 852.3A7 AKA |p MAL14810 |r 2011-12-05 |v 6.00 |w 2011-12-05 |y BK | ||